000 01695nam a2200385Ia 4500
001 dia_4974
003 CHAP
005 20240408122019.0
007 ta
008 220117s2011 mx abdof 001 0 spa d
040 _amxchpua
_cCHAP
090 _aT.C.559
_bS99 SAI
_c2012
245 1 0 _aSistema forestal maderable, visitas a los estados de México, Puebla y Michoacán, fase previa y fase de campo /
_ccoordinadores Rosa Guadalupe Szymanski Duque y Guillermo Carrillo Espinosa
260 _aMéxico :
_bEl autor,
_c2011
300 _a139 hojas :
_bilustraciones, tablas, gráficas, mapas, fotos
336 _2rdacontent
_atexto
_btxt
337 _2rdamedia
_ano mediado
_bn
338 _2rdacarrier
_avolumen
_bnc
500 _aGrado: 6° año Grupo: 02
502 _aViaje de estudios
_b(SAI) --
_cUACh. Departamento de Ingeniería Agroindustrial,
_d2012
504 _aBibliografía: hoja 132
505 0 0 _tEmpresas visitadas: -- 1.Aserradero Dos arroyos -- 2. Aserradero El bosque -- 3. Aserradero El barcino -- 4. Conglomerados Rexcel, S. A. de C. V. -- 5. Muebles Pears´s -- 6. Unión Artesanos Cocupao, S. de S. S. -- 7. Tomper, S. A. de C. V. -- 8. Industrias Forestales Unidas (Producción de tarimas)
650 1 3 _aMadera
_969594
650 1 3 _aProductos de madera
_9157208
650 1 3 _aWood
_9157206
650 1 3 _aWood products
_9157209
700 1 _aCarrillo Espinosa, Guillermo
_919474
_ecoordinador
700 1 _aSzymanski Duque, Rosa Guadalupe
_9151434
_ecoordinador
901 _aT.C.559 S99 SAI 2012
902 _aM
905 _a5232272011 mx amn 8223223322spa16
942 _2local
942 _cVE
999 _c175786
_d175786